000 00597nam a2200217 a 4500
005 20241129063748.0
008 160502s2005 es r 000 0 spa d
020 _a9789688931462
020 _a9688931462
035 _aUPN01000210039
049 _aI
050 4 _aLB1598
_bA7.7
245 0 0 _aArt naturaleza.
260 _aLeón, Esp. :
_bEverest,
_c2005.
300 _a63 p. :
_bil. col.
440 0 _aDisney art attack.
_pJuega y crea
650 4 _aTrabajos manuales (Educación)
_96600
650 2 _aCreatividad
_95008
650 4 _aARTE -
_vLITERATURA JUVENIL
_92494
905 _aInfantil
999 _c182140
_d182140